| 000 | 00850nam a2200205 i 4500 | ||
|---|---|---|---|
| 001 | 189672 | ||
| 003 | ES-MaACL | ||
| 005 | 20251120063153.0 | ||
| 008 | 190903s1947 sp |||| | spa d | ||
| 100 | 1 |
_aPeraza de Ayala, Trino, _d1900-1998 _990402 |
|
| 245 | 1 | 3 |
_aLa psiquiatría española en el siglo XIX / _cpor el Dr. Trino Peraza de Ayala ; [prólogo del Profesor P. Lain Entralgo]. |
| 260 |
_aMadrid : _bConsejo Superior de Investigaciones Científicas, _c1947. |
||
| 300 |
_aXIV, 160 p. ; _c17 cm. |
||
| 490 | 1 |
_aColección de Monografías de Historia de la Medicina ; _v2 |
|
| 650 | 4 |
_aPsiquiatría- _zEspaña- _vHistoria. _916590 |
|
| 700 | 1 |
_aLaín Entralgo, Pedro, _d1908-2001 _969681 |
|
| 830 | 0 | 0 |
_aColección de monografías de historia de la medicina _v2 _9193370 |
| 852 |
_aES-MaACL _jP-747-Bis-2 |
||
| 999 |
_c189672 _d189672 |
||